[Event "Wch U12"]
[Site "Batumi"]
[Date "2022.09.26"]
[Round "10"]
[White "Kharitonov, Maksim"]
[Black "Harutyunyan, Arman G"]
[Result "0-1"]
[WhiteElo "1930"]
[BlackElo "1674"]
[PlyCount "77"]
[EventDate "2022.09.16"]
[EventType "swiss"]
[EventRounds "11"]
[EventCountry "GEO"]
[SourceTitle "EXT 2023"]
[Source "ChessBase"]
[SourceDate "2022.10.05"]
[SourceVersion "1"]
[SourceVersionDate "2022.10.05"]
[SourceQuality "1"]

1. e4 c5 2. Nf3 e6 3. d4 cxd4 4. Nxd4 a6 5. Be3 Qc7 6. c4 Nf6 7. Bd3 Nc6 8. 0-0 Be7 9. Nc3 0-0 10. Rc1 d6 11. Nd5 exd5 12. cxd5 Bd7 13. dxc6 bxc6 14. Bf4 Qb7 15. Bb1 c5 16. Nb3 Rfd8 17. Qc2 g6 18. f3 Be6 19. Rfd1 Qb6 20. Nd2 c4+ 21. Kh1 Rac8 22. Nf1 d5 23. exd5 Nxd5 24. Be5 Bg5 25. Bd4 Qa5 26. Qe2 Nf4 27. Qe5 Qxe5 28. Bxe5 Nd3 29. Bxd3 Bxc1 30. Rxc1 cxd3 31. Rd1 Bxa2 32. Bc3 Bb3 33. Rd2 Rc6 34. Kg1 Re6 35. Ng3 f5 36. Kf2 Rd5 37. f4 a5 38. h4 a4 39. Kf1 0-1

[Event "Wch U12"]
[Site "Batumi"]
[Date "2022.09.25"]
[Round "9"]
[White "Kviriashvili, Andria"]
[Black "Kharitonov, Maksim"]
[Result "1-0"]
[WhiteElo "1669"]
[BlackElo "1930"]
[PlyCount "167"]
[EventDate "2022.09.16"]
[EventType "swiss"]
[EventRounds "11"]
[EventCountry "GEO"]
[SourceTitle "EXT 2023"]
[Source "ChessBase"]
[SourceDate "2022.10.05"]
[SourceVersion "1"]
[SourceVersionDate "2022.10.05"]
[SourceQuality "1"]

1. e4 c5 2. c3 d5 3. exd5 Qxd5 4. d4 Nf6 5. Nf3 e6 6. Bd3 Nc6 7. 0-0 Be7 8. Be3 cxd4 9. cxd4 0-0 10. Nc3 Qd6 11. a3 b6 12. Qe2 Bb7 13. Rad1 Rad8 14. Rfe1 Rfe8 15. Bc1 g6 16. Bb1 Bf8 17. Bg5 Bg7 18. Ba2 Ne7 19. Ne5 Nf5 20. Nb5 Qb8 21. h3 a6 22. g4 axb5 23. gxf5 gxf5 24. Kh2 Qc7 25. Rg1 Kh8 26. Qxb5 Rf8 27. Bh4 Ne4 28. Rxg7 Kxg7 29. Rg1+ Kh8 30. Bxd8 Rxd8 31. Qxb6 Rd7 32. Qb4 Re7 33. f3 f6 34. Bxe6 Ng5 35. Rxg5 fxg5 36. Bxf5 Kg7 37. Qd2 h6 38. f4 Qd6 39. Bg4 Bd5 40. fxg5 Rxe5 41. gxh6+ Kh8 42. dxe5 Qxe5+ 43. Kg1 Qg3+ 44. Kf1 Bc4+ 45. Be2 Qxh3+ 46. Kf2 Qh2+ 47. Kf3 Bd5+ 48. Ke3 Qxh6+ 49. Kd3 Be4+ 50. Kc3 Qh3+ 51. Kb4 Qh4 52. Bc4 Qe7+ 53. Kc3 Bg6 54. b4 Kh7 55. Kb3 Qe4 56. Qh2+ Kg7 57. Qb2+ Kh7 58. b5 Qe3+ 59. Ka2 Qc5 60. Bb3 Kh6 61. a4 Qb4 62. Qh8+ Bh7 63. Qd8 Qe4 64. b6 Qb1+ 65. Ka3 Qc1+ 66. Kb4 Qe1+ 67. Kb5 Qe5+ 68. Qd5 Bd3+ 69. Kb4 Qe1+ 70. Kc5 Qc3+ 71. Kd6 Qb4+ 72. Kc7 Bg6 73. b7 Qe7+ 74. Kb6 Qe3+ 75. Ka6 Qf4 76. Ka7 Qe3+ 77. Ka8 Be4 78. Qe6+ Kg7 79. Bd5 Qc5 80. Bxe4 Qa5+ 81. Kb8 Qxa4 82. Kc8 Kh8 83. Qh6+ Kg8 84. Bd5# 1-0

[Event "Wch U12"]
[Site "Batumi"]
[Date "2022.09.21"]
[Round "6"]
[White "Kharitonov, Maksim"]
[Black "Mohammadyansichani, Arshia"]
[Result "1/2-1/2"]
[WhiteElo "1930"]
[BlackElo "2117"]
[PlyCount "118"]
[EventDate "2022.09.16"]
[EventType "swiss"]
[EventRounds "11"]
[EventCountry "GEO"]
[SourceTitle "EXT 2023"]
[Source "ChessBase"]
[SourceDate "2022.10.05"]
[SourceVersion "1"]
[SourceVersionDate "2022.10.05"]
[SourceQuality "1"]

1. e4 e6 2. d4 d5 3. Nd2 Nf6 4. e5 Nfd7 5. Bd3 c5 6. c3 Nc6 7. Ne2 cxd4 8. cxd4 f6 9. exf6 Nxf6 10. 0-0 Bd6 11. Nf3 Qc7 12. Nc3 a6 13. Bg5 0-0 14. Rc1 Bd7 15. Re1 Ng4 16. g3 Rae8 17. Bh4 Nh6 18. Ng5 g6 19. Nxh7 Kxh7 20. Qh5 Rf5 21. Bxf5 exf5 22. Qf3 Nxd4 23. Qxd5 Nc6 24. Red1 Re6 25. Qg2 Qa5 26. Nd5 Bc8 27. Nf6+ Kh8 28. Bg5 f4 29. gxf4 Be7 30. Ne4 Nf5 31. Rc3 Kg7 32. h4 Qa4 33. Re1 Bb4 34. Bf6+ Rxf6 35. Nxf6 Bxc3 36. Ne8+ Kf7 37. Qd5+ Kf8 38. Nd6 Nxd6 39. Qxd6+ Kg7 40. bxc3 Qa5 41. Re8 Qf5 42. Re3 Qf7 43. Rg3 Kh7 44. Rg5 Bf5 45. h5 gxh5 46. Qc5 Bg4 47. Qe3 Ne7 48. f3 Bf5 49. Qe5 Bg6 50. Qc7 Kh6 51. Qe5 Kh7 52. Qc7 Nd5 53. Qxf7+ Bxf7 54. c4 Nxf4 55. Rf5 Ne2+ 56. Kf2 Bxc4 57. Rxh5+ Kg6 58. Rc5 b5 59. Rxc4 bxc4 1/2-1/2

[Event "Wch U12"]
[Site "Batumi"]
[Date "2022.09.20"]
[Round "5"]
[White "Borizov, Rustam"]
[Black "Kharitonov, Maksim"]
[Result "0-1"]
[WhiteElo "1476"]
[BlackElo "1930"]
[PlyCount "54"]
[EventDate "2022.09.16"]
[EventType "swiss"]
[EventRounds "11"]
[EventCountry "GEO"]
[SourceTitle "EXT 2023"]
[Source "ChessBase"]
[SourceDate "2022.10.05"]
[SourceVersion "1"]
[SourceVersionDate "2022.10.05"]
[SourceQuality "1"]

1. d4 Nf6 2. c4 g6 3. g3 Bg7 4. Bg2 0-0 5. Nc3 d6 6. Nf3 Nc6 7. 0-0 a6 8. e4 Rb8 9. h3 b5 10. cxb5 axb5 11. d5 b4 12. Ne2 Na5 13. Qa4 c5 14. e5 Nxd5 15. Ng5 dxe5 16. Rd1 e6 17. a3 Nc4 18. Qc6 bxa3 19. bxa3 Na5 20. Qa4 Nb3 21. Rb1 Nxc1 22. Rxb8 Nxe2+ 23. Kh1 Nec3 24. Nxf7 Qc7 25. Qa8 Nxd1 26. Bxd5 exd5 27. Qxd5 Qxf7 0-1

[Event "Wch U12"]
[Site "Batumi"]
[Date "2022.09.18"]
[Round "3"]
[White "Yun, Hungi"]
[Black "Kharitonov, Maksim"]
[Result "1/2-1/2"]
[WhiteElo "1542"]
[BlackElo "1930"]
[PlyCount "109"]
[EventDate "2022.09.16"]
[EventType "swiss"]
[EventRounds "11"]
[EventCountry "GEO"]
[SourceTitle "EXT 2023"]
[Source "ChessBase"]
[SourceDate "2022.10.05"]
[SourceVersion "1"]
[SourceVersionDate "2022.10.05"]
[SourceQuality "1"]

1. e4 c5 2. Nf3 e6 3. d4 cxd4 4. Nxd4 Nf6 5. Nc3 Nc6 6. Ndb5 Bb4 7. Nd6+ Ke7 8. Nxc8+ Rxc8 9. Bd3 d5 10. exd5 Nxd5 11. Bd2 Qa5 12. Nxd5+ Qxd5 13. 0-0 Rhd8 14. Bf4 Kf8 15. Qg4 Bd6 16. Bxh7 Bxf4 17. Qxf4 Nd4 18. Kh1 Nxc2 19. Rac1 Rc4 20. Qg3 g6 21. Bxg6 fxg6 22. Qxg6 Qf5 23. Qh6+ Kg8 24. Rfd1 Rcd4 25. Rxd4 Rxd4 26. h3 Kf7 27. Qh8 Rd2 28. h4 Rxf2 29. Rd1 Rf1+ 30. Rxf1 Qxf1+ 31. Kh2 Qf4+ 32. Kh3 Ne3 33. Qh7+ Ke8 34. Qg8+ Kd7 35. Qh7+ Kc6 36. Qg6 Qf5+ 37. Qxf5 exf5 38. h5 Ng4 39. Kh4 Kd5 40. Kg5 Ke4 41. h6 Nxh6 42. Kxh6 f4 43. Kg5 f3 44. gxf3+ Kxf3 45. Kf5 Ke3 46. Ke5 Kd3 47. Kd6 Kc2 48. b4 Kb2 49. b5 Kxa2 50. Kc7 Kb3 51. Kxb7 Kc4 52. Kc7 Kb3 53. Kb7 Kb4 54. Kc7 Kb3 55. Kb7 1/2-1/2